000 01178nam0a22002411 4500
001 rc\748556
005 20260407041229.0
035 _a(NLR Aleph) 006277229
090 _a7011868
_c7011868
100 _a20040301d1985 |||y0rusy50 ca
101 0 _arus
102 _aRU
105 _ay |||||||||
200 1 _aВременные нормативы запасов известковых материалов по периодам года в областных, краевых и республиканских (АССР) объединениях "Сельхозхимия" Российской Федерации
_eУтв. ВПНО "Россельхозхимия" 22.02.84
210 _aМ.
_cБ. и.
_d1985
215 _a15 с.
_d21
300 _aВ надзаг.: М-во сел. хоз-ва РСФСР... Всерос. н.-и. и проект.-технол. ин-т химизации сел. хоз-ва (ВНИПТИХИМ)
712 0 2 _a"Россельхозхимия", произв.-науч. об-ние
_cМосква
_3RU\NLR\AUTH\8810013297
_9524469
801 0 _aRU
_bNLR
_gpsbo
801 1 _aRU
_bELAR
_2rusmarc
852 _aNLR
_j85-6/7681
942 _cBOOK
980 _aNB